[Event "Blitz 2018"]
[Site "Saint-Petersburg"]
[Date "2018.12.30"]
[Round "20"]
[Board "97"]
[White "Perdomo Carlos Andres (COL)"]
[Black "Masrahi Abdulrahman A (KSA)"]
[Result "1-0"]
[BlackElo "1966"]
[WhiteElo "2301"]
[LiveChessVersion "1.4.8"]

1. c4 {[%clk 0:02:59]} e5 {[%clk 0:03:03]} 2. Nc3 {[%clk 0:02:59]} Nf6
{[%clk 0:03:04]} 3. Nf3 {[%clk 0:02:59]} Nc6 {[%clk 0:03:05]} 4. e3
{[%clk 0:02:54]} d5 {[%clk 0:03:02]} 5. cxd5 {[%clk 0:02:54]} Nxd5
{[%clk 0:03:03]} 6. Bb5 {[%clk 0:02:52]} Nxc3 {[%clk 0:02:53]} 7. bxc3
{[%clk 0:02:49]} Bd6 {[%clk 0:02:49]} 8. d4 {[%clk 0:02:43]} e4 {[%clk 0:02:40]}
9. Nd2 {[%clk 0:02:43]} O-O {[%clk 0:02:26]} 10. Nxe4 {[%clk 0:02:33]} f5
{[%clk 0:02:15]} 11. Nxd6 {[%clk 0:02:22]} Qxd6 {[%clk 0:02:15]} 12. O-O
{[%clk 0:02:04]} Be6 {[%clk 0:02:11]} 13. Be2 {[%clk 0:01:58]} Bd5
{[%clk 0:02:08]} 14. c4 {[%clk 0:01:44]} Bf7 {[%clk 0:01:57]} 15. Qb3
{[%clk 0:01:37]} Rfe8 {[%clk 0:01:48]} 16. Ba3 {[%clk 0:01:10]} Qg6
{[%clk 0:01:38]} 17. Rad1 {[%clk 0:00:59]} f4 {[%clk 0:01:32]} 18. Bc1
{[%clk 0:00:53]} b6 {[%clk 0:01:25]} 19. d5 {[%clk 0:00:48]} Na5 {[%clk 0:01:16]}
20. Qd3 {[%clk 0:00:45]} fxe3 {[%clk 0:01:11]} 21. Bxe3 {[%clk 0:00:42]} Qe4
{[%clk 0:00:50]} 22. Rc1 {[%clk 0:00:27]} Rad8 {[%clk 0:00:47]} 23. Qxe4
{[%clk 0:00:26]} Rxe4 {[%clk 0:00:47]} 24. Bd3 {[%clk 0:00:27]} Ree8
{[%clk 0:00:42]} 25. Bf4 {[%clk 0:00:27]} Rd7 {[%clk 0:00:36]} 26. Bf5
{[%clk 0:00:27]} Rde7 {[%clk 0:00:36]} 27. h3 {[%clk 0:00:23]} Nb7
{[%clk 0:00:34]} 28. Bg3 {[%clk 0:00:22]} Nd6 {[%clk 0:00:28]} 29. Bd3
{[%clk 0:00:21]} Nb7 {[%clk 0:00:28]} 30. Rfd1 {[%clk 0:00:21]} Nc5
{[%clk 0:00:23]} 31. Bf1 {[%clk 0:00:20]} Nb7 {[%clk 0:00:23]} 32. Kh2
{[%clk 0:00:19]} Bg6 {[%clk 0:00:19]} 33. f3 {[%clk 0:00:18]} h6 {[%clk 0:00:20]}
34. Rc3 Kh7 {[%clk 0:00:15]} 35. Ra3 {[%clk 0:00:18]} a5 {[%clk 0:00:15]} 36. Rc3
{[%clk 0:00:18]} Bf5 {[%clk 0:00:12]} 37. Bf2 {[%clk 0:00:19]} Bg6
{[%clk 0:00:09]} 38. Rdc1 {[%clk 0:00:19]} Nc5 {[%clk 0:00:07]} 39. Bh4
{[%clk 0:00:19]} Re3 {[%clk 0:00:07]} 40. Bg3 {[%clk 0:00:20]} Rxc3
{[%clk 0:00:05]} 41. Rxc3 {[%clk 0:00:21]} Re7 {[%clk 0:00:04]} 42. Kg1
{[%clk 0:00:20]} Bb1 {[%clk 0:00:05]} 43. a3 {[%clk 0:00:19]} Bg6
{[%clk 0:00:05]} 44. Kf2 {[%clk 0:00:20]} Bf5 {[%clk 0:00:05]} 45. Re3
{[%clk 0:00:20]} Rxe3 {[%clk 0:00:05]} 46. Kxe3 {[%clk 0:00:21]} Na6
{[%clk 0:01:01]} 47. c5 {[%clk 0:00:12]} Nxc5 {[%clk 0:00:49]} 48. Bxc7
{[%clk 0:00:13]} Nd7 {[%clk 0:00:44]} 49. Bb5 {[%clk 0:00:14]} Kg6
{[%clk 0:00:42]} 50. g4 {[%clk 0:00:15]} 1-0

[Event "Blitz 2018"]
[Site "Saint-Petersburg"]
[Date "2018.12.30"]
[Round "20"]
[Board "98"]
[White "Khayat Abdullah F (KSA)"]
[Black "Zaitsev Alexander (RUS)"]
[Result "0-1"]
[BlackElo "2402"]
[WhiteElo "1709"]
[LiveChessVersion "1.4.8"]

1. d4 {[%clk 0:03:02]} Nf6 2. c4 e6 {[%clk 0:03:04]} 3. Nc3 {[%clk 0:03:04]} Bb4
{[%clk 0:03:05]} 4. Bd2 {[%clk 0:03:02]} b6 {[%clk 0:03:02]} 5. a3
{[%clk 0:03:03]} Bxc3 {[%clk 0:02:58]} 6. Bxc3 {[%clk 0:03:04]} Bb7
{[%clk 0:02:59]} 7. e3 {[%clk 0:02:49]} O-O {[%clk 0:02:59]} 8. Nf3
{[%clk 0:02:50]} Ne4 {[%clk 0:02:57]} 9. Bd3 {[%clk 0:02:39]} Nxc3
{[%clk 0:02:56]} 10. bxc3 {[%clk 0:02:39]} d6 {[%clk 0:02:54]} 11. O-O
{[%clk 0:02:38]} Nd7 {[%clk 0:02:55]} 12. Qc2 {[%clk 0:02:37]} h6
{[%clk 0:02:33]} 13. e4 {[%clk 0:02:31]} e5 {[%clk 0:02:34]} 14. d5
{[%clk 0:02:28]} Nf6 {[%clk 0:02:26]} 15. Nh4 {[%clk 0:02:25]} Nxe4
{[%clk 0:02:06]} 16. Ng6 {[%clk 0:01:44]} fxg6 {[%clk 0:01:59]} 17. Bxe4
{[%clk 0:01:44]} g5 {[%clk 0:02:00]} 18. Rae1 {[%clk 0:01:31]} Bc8
{[%clk 0:02:00]} 19. h4 {[%clk 0:01:28]} gxh4 {[%clk 0:01:58]} 20. Re3
{[%clk 0:00:41]} Qg5 {[%clk 0:01:58]} 21. Rd1 {[%clk 0:00:31]} Bg4
{[%clk 0:01:53]} 22. Rf1 {[%clk 0:00:11]} Rf6 {[%clk 0:01:50]} 23. g3
{[%clk 0:00:07]} Raf8 {[%clk 0:01:41]} 24. Qc1 {[%clk 0:00:05]} Bh3
{[%clk 0:01:33]} 25. f4 {[%clk 0:00:00]} 0-1

[Event "Blitz 2018"]
[Site "Saint-Petersburg"]
[Date "2018.12.30"]
[Round "21"]
[Board "4"]
[White "Karjakin Sergey (RUS)"]
[Black "Svidler Peter (RUS)"]
[Result "1-0"]
[BlackElo "2770"]
[WhiteElo "2759"]
[LiveChessVersion "1.4.8"]

1. e4 {[%clk 0:03:03]} e5 {[%clk 0:03:03]} 2. Nf3 {[%clk 0:03:04]} Nc6
{[%clk 0:03:04]} 3. Bc4 {[%clk 0:03:06]} Bc5 {[%clk 0:03:04]} 4. c3
{[%clk 0:03:05]} Nf6 {[%clk 0:03:05]} 5. d3 {[%clk 0:03:06]} d6 {[%clk 0:03:02]}
6. O-O {[%clk 0:03:04]} h6 {[%clk 0:02:52]} 7. Re1 {[%clk 0:02:54]} O-O
{[%clk 0:02:52]} 8. h3 {[%clk 0:02:54]} a5 {[%clk 0:02:51]} 9. Nbd2
{[%clk 0:02:49]} Be6 {[%clk 0:02:50]} 10. Bb5 {[%clk 0:02:49]} Qb8
{[%clk 0:02:48]} 11. Nf1 {[%clk 0:02:44]} Qa7 {[%clk 0:02:50]} 12. Be3
{[%clk 0:02:36]} Bxe3 {[%clk 0:02:29]} 13. Nxe3 {[%clk 0:02:37]} Ne7
{[%clk 0:01:53]} 14. a4 {[%clk 0:02:37]} Ng6 {[%clk 0:01:52]} 15. Bc4
{[%clk 0:02:16]} Bxc4 {[%clk 0:01:47]} 16. Nxc4 {[%clk 0:02:16]} Rfe8
{[%clk 0:01:47]} 17. Qb3 {[%clk 0:02:12]} Qc5 {[%clk 0:01:41]} 18. Ne3
{[%clk 0:01:34]} Qc6 {[%clk 0:01:39]} 19. Qb5 {[%clk 0:01:30]} Qxb5
{[%clk 0:01:35]} 20. axb5 {[%clk 0:01:31]} Nf4 {[%clk 0:01:31]} 21. Red1
{[%clk 0:01:31]} b6 {[%clk 0:01:23]} 22. Kh2 {[%clk 0:01:15]} Rad8
{[%clk 0:01:20]} 23. g3 {[%clk 0:01:15]} Ne6 {[%clk 0:01:21]} 24. Kg2
{[%clk 0:01:02]} Nc5 {[%clk 0:01:18]} 25. c4 {[%clk 0:00:55]} g6 {[%clk 0:01:17]}
26. Ra3 {[%clk 0:00:52]} Kg7 {[%clk 0:01:17]} 27. Nd2 {[%clk 0:00:43]} Ng8
{[%clk 0:01:14]} 28. Nb1 {[%clk 0:00:43]} Ne7 {[%clk 0:01:11]} 29. Nc3
{[%clk 0:00:37]} f5 {[%clk 0:01:03]} 30. exf5 {[%clk 0:00:30]} Nxf5
{[%clk 0:00:59]} 31. Ncd5 {[%clk 0:00:24]} Nxe3+ {[%clk 0:00:56]} 32. fxe3
{[%clk 0:00:25]} Rd7 {[%clk 0:00:55]} 33. b4 {[%clk 0:00:21]} axb4 34. Nxb4
{[%clk 0:00:22]} Rf8 {[%clk 0:00:54]} 35. Rf1 {[%clk 0:00:23]} Rdf7
{[%clk 0:00:46]} 36. Rxf7+ {[%clk 0:00:23]} Rxf7 {[%clk 0:00:47]} 37. Ra7
{[%clk 0:00:19]} h5 {[%clk 0:00:26]} 38. h4 {[%clk 0:00:18]} g5 {[%clk 0:00:26]}
39. hxg5 {[%clk 0:00:15]} Kg6 {[%clk 0:00:28]} 40. Ra3 {[%clk 0:00:11]} Kxg5
{[%clk 0:00:26]} 41. Ra8 {[%clk 0:00:10]} e4 {[%clk 0:00:10]} 42. d4
{[%clk 0:00:07]} Nd3 {[%clk 0:00:11]} 43. Rg8+ {[%clk 0:00:04]} Kh6
{[%clk 0:00:12]} 44. Nd5 {[%clk 0:00:05]} Rf2+ {[%clk 0:00:08]} 45. Kh3
{[%clk 0:00:06]} Ne1 {[%clk 0:00:06]} 46. Nf4 {[%clk 0:00:04]} Nf3
{[%clk 0:00:05]} 47. Rh8+ {[%clk 0:00:05]} Kg7 {[%clk 0:00:06]} 48. Rxh5
{[%clk 0:00:06]} Rc2 {[%clk 0:00:06]} 49. Kg4 {[%clk 0:00:05]} Rxc4
{[%clk 0:00:07]} 50. Kf5 {[%clk 0:00:06]} Rc3 {[%clk 0:00:06]} 51. Kxe4
{[%clk 0:00:05]} Nd2+ {[%clk 0:00:07]} 52. Kd5 {[%clk 0:00:06]} Nc4
{[%clk 0:00:08]} 53. e4 {[%clk 0:00:04]} Na3 {[%clk 0:00:08]} 54. Ke6
{[%clk 0:00:04]} Rxg3 {[%clk 0:00:10]} 55. Ke7 {[%clk 0:00:04]} Rg4
{[%clk 0:00:09]} 56. Rf5 {[%clk 0:00:04]} Nxb5 {[%clk 0:00:10]} 57. Ne6+
{[%clk 0:00:05]} Kg6 {[%clk 0:00:11]} 58. Rxb5 {[%clk 0:00:05]} Rxe4
{[%clk 0:00:13]} 59. d5 {[%clk 0:00:06]} Kf5 {[%clk 0:00:13]} 60. Kd7
{[%clk 0:00:07]} Rc4 61. Nxc7 {[%clk 0:00:07]} Ke5 {[%clk 0:00:11]} 62. Rxb6
{[%clk 0:00:08]} Rh4 {[%clk 0:00:11]} 63. Rb1 {[%clk 0:00:08]} Rh7+
{[%clk 0:00:12]} 64. Kc6 {[%clk 0:00:09]} 1-0

[Event "Blitz 2018"]
[Site "Saint-Petersburg"]
[Date "2018.12.30"]
[Round "21"]
[Board "8"]
[White "Fedoseev Vladimir (RUS)"]
[Black "Nihal Sarin (IND)"]
[Result "1/2-1/2"]
[LiveChessVersion "1.4.8"]
[BlackElo "2506"]
[WhiteElo "2750"]

1. d4 {[%clk 0:03:03]} Nf6 {[%clk 0:03:03]} 2. c4 {[%clk 0:03:04]} e6
{[%clk 0:03:04]} 3. g3 {[%clk 0:03:05]} d5 {[%clk 0:03:05]} 4. Bg2
{[%clk 0:03:06]} dxc4 {[%clk 0:03:05]} 5. Nf3 {[%clk 0:03:06]} c5
{[%clk 0:03:07]} 6. O-O {[%clk 0:03:06]} Nc6 {[%clk 0:03:07]} 7. dxc5
{[%clk 0:03:04]} Qxd1 {[%clk 0:03:07]} 8. Rxd1 {[%clk 0:03:05]} Bxc5
{[%clk 0:03:08]} 9. Nfd2 {[%clk 0:03:05]} Na5 {[%clk 0:03:07]} 10. Na3
{[%clk 0:03:05]} Bxa3 {[%clk 0:03:03]} 11. bxa3 {[%clk 0:03:06]} Bd7
{[%clk 0:03:02]} 12. Bb2 {[%clk 0:03:07]} Rc8 {[%clk 0:03:03]} 13. Bc3
{[%clk 0:03:03]} b6 {[%clk 0:03:04]} 14. Rdc1 {[%clk 0:03:02]} Rc7
{[%clk 0:02:58]} 15. Rab1 {[%clk 0:02:55]} O-O {[%clk 0:02:30]} 16. Bxa5
{[%clk 0:02:49]} bxa5 {[%clk 0:02:31]} 17. Rxc4 {[%clk 0:02:50]} Rfc8
{[%clk 0:01:51]} 18. Rxc7 {[%clk 0:02:49]} Rxc7 {[%clk 0:01:52]} 19. Rb8+
{[%clk 0:02:42]} Be8 {[%clk 0:01:33]} 20. Bf3 {[%clk 0:02:07]} Kf8
{[%clk 0:01:23]} 21. Rb2 {[%clk 0:01:42]} Ke7 {[%clk 0:01:11]} 22. Rb7
{[%clk 0:01:12]} Rxb7 {[%clk 0:01:09]} 23. Bxb7 {[%clk 0:01:13]} Bb5
{[%clk 0:01:06]} 24. Kf1 {[%clk 0:01:12]} Nd7 {[%clk 0:01:01]} 25. Ke1
{[%clk 0:00:50]} Nb6 {[%clk 0:00:47]} 26. Be4 {[%clk 0:00:38]} Nc4
{[%clk 0:00:32]} 27. Nb1 {[%clk 0:00:31]} Nd6 {[%clk 0:00:25]} 28. Bc2
{[%clk 0:00:31]} Bc4 {[%clk 0:00:19]} 29. Bb3 {[%clk 0:00:29]} a4
{[%clk 0:00:14]} 30. Bxa4 {[%clk 0:00:27]} Bxa2 {[%clk 0:00:14]} 31. Nc3
{[%clk 0:00:27]} Bc4 {[%clk 0:00:15]} 32. Kd2 {[%clk 0:00:27]} Nb7
{[%clk 0:00:13]} 33. Bb5 {[%clk 0:00:24]} Nd6 {[%clk 0:00:11]} 34. Bc6
{[%clk 0:00:24]} Kd8 {[%clk 0:00:12]} 35. Ne4 {[%clk 0:00:19]} Nxe4+
{[%clk 0:00:12]} 36. Bxe4 {[%clk 0:00:20]} h6 {[%clk 0:00:13]} 37. Bd3
{[%clk 0:00:20]} Bd5 {[%clk 0:00:13]} 38. Kc3 {[%clk 0:00:21]} Kc7
{[%clk 0:00:14]} 39. e4 {[%clk 0:00:20]} Bc6 {[%clk 0:00:15]} 40. Kd4
{[%clk 0:00:21]} Kd6 {[%clk 0:00:09]} 41. e5+ Kc7 42. Kc5 {[%clk 0:00:24]} Bf3
{[%clk 0:00:08]} 43. Bb5 {[%clk 0:00:25]} f6 {[%clk 0:00:07]} 44. Bc4
{[%clk 0:00:25]} Bg4 {[%clk 0:00:06]} 45. f4 {[%clk 0:00:26]} fxe5
{[%clk 0:00:06]} 46. fxe5 {[%clk 0:00:27]} Bh3 {[%clk 0:00:07]} 47. Bd3
{[%clk 0:00:21]} Bg4 {[%clk 0:00:07]} 48. h4 {[%clk 0:00:21]} g5 {[%clk 0:00:08]}
49. hxg5 hxg5 50. a4 {[%clk 0:00:18]} Bd1 {[%clk 0:00:10]} 51. a5
{[%clk 0:00:17]} Bg4 {[%clk 0:00:10]} 52. Bc4 {[%clk 0:00:18]} Bf5
{[%clk 0:00:12]} 53. Be2 {[%clk 0:00:16]} Bg6 {[%clk 0:00:09]} 54. g4
{[%clk 0:00:17]} Be8 {[%clk 0:00:08]} 55. Bc4 {[%clk 0:00:17]} Bd7
{[%clk 0:00:09]} 56. Bb5 {[%clk 0:00:15]} Bxb5 {[%clk 0:00:06]} 57. Kxb5 Kb7 58.
Kc5 Kc7 59. Kb5 Kb7 1/2-1/2

[Event "Blitz 2018"]
[Site "Saint-Petersburg"]
[Date "2018.12.30"]
[Round "21"]
[Board "9"]
[White "Indjic Aleksandar (SRB)"]
[Black "Artemiev Vladislav (RUS)"]
[Result "0-1"]
[LiveChessVersion "1.4.8"]
[BlackElo "2825"]
[WhiteElo "2643"]

1. d4 {[%clk 0:03:02]} Nf6 {[%clk 0:03:03]} 2. c4 {[%clk 0:03:02]} g6
{[%clk 0:03:03]} 3. Nc3 {[%clk 0:03:03]} d5 {[%clk 0:03:04]} 4. cxd5
{[%clk 0:03:03]} Nxd5 {[%clk 0:03:05]} 5. Bd2 {[%clk 0:03:04]} Bg7
{[%clk 0:03:06]} 6. e4 {[%clk 0:03:05]} Nb6 {[%clk 0:03:07]} 7. Be3
{[%clk 0:03:05]} O-O {[%clk 0:03:07]} 8. h3 {[%clk 0:03:03]} e5 {[%clk 0:03:08]}
9. dxe5 {[%clk 0:03:03]} Bxe5 {[%clk 0:03:01]} 10. Qc2 {[%clk 0:03:03]} Nc6
{[%clk 0:02:58]} 11. Nf3 {[%clk 0:03:03]} Bg7 {[%clk 0:02:58]} 12. Be2
{[%clk 0:02:48]} Nb4 {[%clk 0:02:35]} 13. Qb1 {[%clk 0:02:46]} Qe7
{[%clk 0:02:36]} 14. O-O {[%clk 0:02:43]} Be6 {[%clk 0:02:31]} 15. a3
{[%clk 0:02:42]} Nc6 {[%clk 0:02:32]} 16. Qc2 {[%clk 0:02:36]} Rfd8
{[%clk 0:02:32]} 17. Rfd1 {[%clk 0:02:06]} Na5 {[%clk 0:02:32]} 18. Rxd8+
{[%clk 0:01:50]} Rxd8 {[%clk 0:02:33]} 19. b4 {[%clk 0:01:38]} Nac4
{[%clk 0:02:28]} 20. Bg5 {[%clk 0:01:35]} Bf6 {[%clk 0:02:29]} 21. Bxf6
{[%clk 0:01:36]} Qxf6 {[%clk 0:02:30]} 22. a4 {[%clk 0:01:26]} a5
{[%clk 0:02:30]} 23. bxa5 {[%clk 0:01:26]} Nxa5 {[%clk 0:02:31]} 24. Rb1
{[%clk 0:01:24]} Nc6 {[%clk 0:02:07]} 25. Nb5 {[%clk 0:01:21]} Qe7
{[%clk 0:02:03]} 26. Ra1 {[%clk 0:00:58]} Ra8 {[%clk 0:01:59]} 27. Nfd4
{[%clk 0:00:31]} Bd7 {[%clk 0:02:00]} 28. a5 {[%clk 0:00:26]} Nxd4
{[%clk 0:01:26]} 29. Nxd4 {[%clk 0:00:26]} Qe5 {[%clk 0:01:27]} 30. Nb3
{[%clk 0:00:25]} Be6 {[%clk 0:01:19]} 31. Rc1 {[%clk 0:00:08]} Bxb3
{[%clk 0:01:19]} 32. Qxb3 {[%clk 0:00:08]} Rxa5 {[%clk 0:01:20]} 33. Qd1
{[%clk 0:00:05]} Rc5 {[%clk 0:01:17]} 34. Ra1 {[%clk 0:00:03]} Kg7
{[%clk 0:01:15]} 35. Bf3 {[%clk 0:00:03]} Nc4 {[%clk 0:01:10]} 36. Rb1
{[%clk 0:00:05]} b6 {[%clk 0:01:11]} 37. Qd3 {[%clk 0:00:05]} Nd6
{[%clk 0:01:10]} 38. Qe3 {[%clk 0:00:05]} Rc3 {[%clk 0:01:10]} 39. Qd2
{[%clk 0:00:06]} Qc5 {[%clk 0:01:02]} 40. Qb2 {[%clk 0:00:07]} f6
{[%clk 0:01:04]} 41. Qa2 {[%clk 0:00:08]} Rc2 {[%clk 0:01:03]} 42. Qa1
{[%clk 0:00:09]} Qxf2+ {[%clk 0:01:03]} 43. Kh1 {[%clk 0:00:11]} Qc5
{[%clk 0:00:36]} 44. Re1 {[%clk 0:00:12]} Nc4 {[%clk 0:00:34]} 45. Bd1
{[%clk 0:00:10]} Rd2 {[%clk 0:00:32]} 46. Bb3 {[%clk 0:00:10]} Ne5
{[%clk 0:00:19]} 47. Qa8 {[%clk 0:00:11]} Qf2 {[%clk 0:00:12]} 48. Rg1
{[%clk 0:00:12]} Nf3 {[%clk 0:00:11]} 49. Qg8+ {[%clk 0:00:13]} Kh6
{[%clk 0:00:12]} 50. Qf8+ {[%clk 0:00:12]} Kh5 {[%clk 0:00:10]} 51. g4+
{[%clk 0:00:06]} Kg5 {[%clk 0:00:11]} 0-1

[Event "Blitz 2018"]
[Site "Saint-Petersburg"]
[Date "2018.12.30"]
[Round "21"]
[Board "10"]
[White "Andreikin Dmitry (RUS)"]
[Black "Maghsoodloo Parham (IRI)"]
[Result "1-0"]
[LiveChessVersion "1.4.8"]
[BlackElo "2642"]
[WhiteElo "2777"]

1. Nf3 {[%clk 0:03:03]} Nf6 {[%clk 0:03:03]} 2. c4 {[%clk 0:03:04]} e6
{[%clk 0:03:04]} 3. b3 {[%clk 0:03:03]} a6 {[%clk 0:02:59]} 4. g3
{[%clk 0:02:55]} b5 {[%clk 0:03:00]} 5. Bg2 {[%clk 0:02:54]} Bb7 {[%clk 0:03:01]}
6. O-O {[%clk 0:02:53]} Be7 {[%clk 0:03:00]} 7. Nc3 {[%clk 0:02:53]} Ne4
{[%clk 0:02:58]} 8. Bb2 {[%clk 0:02:49]} Nxc3 {[%clk 0:02:51]} 9. Bxc3
{[%clk 0:02:49]} O-O {[%clk 0:02:51]} 10. Qc2 {[%clk 0:02:49]} f5
{[%clk 0:02:52]} 11. a4 {[%clk 0:02:36]} b4 {[%clk 0:02:49]} 12. Bb2
{[%clk 0:02:37]} c5 {[%clk 0:02:38]} 13. Rad1 {[%clk 0:02:28]} Bf6
{[%clk 0:02:27]} 14. d4 {[%clk 0:02:24]} Be4 {[%clk 0:02:28]} 15. Qc1
{[%clk 0:02:24]} Qe7 {[%clk 0:01:49]} 16. dxc5 {[%clk 0:02:14]} Qxc5
{[%clk 0:01:37]} 17. Bxf6 {[%clk 0:01:53]} Rxf6 {[%clk 0:01:30]} 18. Qf4
{[%clk 0:01:47]} h6 {[%clk 0:01:18]} 19. h4 {[%clk 0:01:36]} Rf8 {[%clk 0:00:41]}
20. Ne5 {[%clk 0:01:22]} Bxg2 {[%clk 0:00:36]} 21. Kxg2 {[%clk 0:01:23]} Ra7
{[%clk 0:00:33]} 22. Rd3 {[%clk 0:01:06]} d6 {[%clk 0:00:22]} 23. Ng6
{[%clk 0:01:05]} e5 {[%clk 0:00:21]} 24. Qd2 {[%clk 0:00:57]} Rf6
{[%clk 0:00:19]} 25. h5 {[%clk 0:00:58]} Rd7 {[%clk 0:00:11]} 26. Rd5
{[%clk 0:00:56]} Qc7 {[%clk 0:00:11]} 27. Rd1 {[%clk 0:00:48]} Nc6
{[%clk 0:00:12]} 28. Nxe5 {[%clk 0:00:37]} Nxe5 {[%clk 0:00:10]} 29. Rxe5
{[%clk 0:00:38]} f4 {[%clk 0:00:11]} 30. Re8+ {[%clk 0:00:30]} Kf7
{[%clk 0:00:11]} 31. Ra8 {[%clk 0:00:29]} Qb7+ {[%clk 0:00:11]} 32. Qd5+
{[%clk 0:00:29]} Qxd5+ {[%clk 0:00:11]} 33. Rxd5 {[%clk 0:00:29]} Re7
{[%clk 0:00:13]} 34. Rd2 {[%clk 0:00:19]} fxg3 {[%clk 0:00:14]} 35. fxg3
{[%clk 0:00:17]} Re3 {[%clk 0:00:15]} 36. Ra7+ {[%clk 0:00:14]} Kf8
{[%clk 0:00:12]} 37. Rxa6 {[%clk 0:00:14]} Rxb3 {[%clk 0:00:13]} 38. Raxd6
{[%clk 0:00:12]} Rxd6 {[%clk 0:00:15]} 39. Rxd6 {[%clk 0:00:13]} Ra3
{[%clk 0:00:15]} 40. Ra6 {[%clk 0:00:10]} Rc3 {[%clk 0:00:16]} 41. Rc6
{[%clk 0:00:08]} Ra3 {[%clk 0:00:17]} 42. Ra6 {[%clk 0:00:09]} Rc3
{[%clk 0:00:18]} 43. Rb6 {[%clk 0:00:07]} Rxc4 {[%clk 0:00:19]} 44. Kf3
{[%clk 0:00:06]} b3 {[%clk 0:00:20]} 45. a5 {[%clk 0:00:06]} Ra4 {[%clk 0:00:21]}
46. a6 {[%clk 0:00:04]} b2 {[%clk 0:00:22]} 47. Rxb2 {[%clk 0:00:05]} Rxa6
{[%clk 0:00:23]} 48. g4 {[%clk 0:00:04]} Rf6+ {[%clk 0:00:20]} 49. Kg3
{[%clk 0:00:06]} Re6 {[%clk 0:00:21]} 50. Kf3 {[%clk 0:00:07]} Rf6+
{[%clk 0:00:22]} 51. Kg3 Re6 52. Rc2 {[%clk 0:00:08]} Kf7 {[%clk 0:00:24]} 53.
Ra2 {[%clk 0:00:09]} Kf8 {[%clk 0:00:20]} 54. Rb2 {[%clk 0:00:09]} Kf7
{[%clk 0:00:21]} 55. Rb7+ {[%clk 0:00:10]} Kf8 {[%clk 0:00:21]} 56. Rb2
{[%clk 0:00:08]} Kf7 {[%clk 0:00:22]} 57. Rd2 {[%clk 0:00:10]} Kf8
{[%clk 0:00:23]} 58. Kf4 {[%clk 0:00:10]} Rf6+ {[%clk 0:00:24]} 59. Ke5
{[%clk 0:00:11]} Rf1 {[%clk 0:00:24]} 60. e4 {[%clk 0:00:10]} Rg1
{[%clk 0:00:16]} 61. Kf5 {[%clk 0:00:10]} Kg8 {[%clk 0:00:15]} 62. e5
{[%clk 0:00:09]} Kh7 {[%clk 0:00:13]} 63. Rd4 {[%clk 0:00:10]} Rf1+
{[%clk 0:00:11]} 64. Ke6 {[%clk 0:00:11]} Ra1 {[%clk 0:00:09]} 65. Ke7
{[%clk 0:00:11]} Ra7+ {[%clk 0:00:10]} 66. Rd7 {[%clk 0:00:10]} Ra4
{[%clk 0:00:11]} 67. e6 {[%clk 0:00:11]} Rxg4 {[%clk 0:00:11]} 68. Kf8
{[%clk 0:00:11]} Rf4+ {[%clk 0:00:07]} 69. Rf7 {[%clk 0:00:12]} Ra4
{[%clk 0:00:03]} 70. e7 {[%clk 0:00:12]} Ra8+ {[%clk 0:00:03]} 71. e8=Q
{[%clk 0:00:12]} 1-0

[Event "Blitz 2018"]
[Site "Saint-Petersburg"]
[Date "2018.12.30"]
[Round "21"]
[Board "15"]
[White "Sjugirov Sanan (RUS)"]
[Black "Amin Bassem (EGY)"]
[Result "1-0"]
[LiveChessVersion "1.4.8"]
[BlackElo "2659"]
[WhiteElo "2748"]

1. d4 {[%clk 0:03:02]} f5 {[%clk 0:03:02]} 2. Bf4 {[%clk 0:02:58]} Nf6
{[%clk 0:03:03]} 3. e3 {[%clk 0:02:59]} e6 {[%clk 0:03:02]} 4. Nf3
{[%clk 0:02:52]} Be7 {[%clk 0:02:58]} 5. h3 {[%clk 0:02:51]} O-O {[%clk 0:02:58]}
6. c4 {[%clk 0:02:52]} d6 {[%clk 0:02:56]} 7. Nc3 {[%clk 0:02:50]} Qe8
{[%clk 0:02:56]} 8. Be2 {[%clk 0:02:48]} Nc6 {[%clk 0:02:53]} 9. Bh2
{[%clk 0:02:47]} Bd7 {[%clk 0:02:52]} 10. a3 {[%clk 0:02:47]} Qg6
{[%clk 0:02:50]} 11. Nh4 {[%clk 0:02:36]} Qh6 {[%clk 0:02:45]} 12. Nf3
{[%clk 0:02:35]} Qg6 {[%clk 0:02:45]} 13. Rg1 {[%clk 0:02:20]} Ne4
{[%clk 0:02:41]} 14. Qc2 {[%clk 0:02:19]} Nxc3 {[%clk 0:02:39]} 15. Qxc3
{[%clk 0:02:19]} Bf6 {[%clk 0:02:19]} 16. O-O-O {[%clk 0:02:15]} Rae8
{[%clk 0:02:16]} 17. g4 {[%clk 0:02:13]} fxg4 {[%clk 0:02:15]} 18. hxg4
{[%clk 0:02:10]} e5 {[%clk 0:02:16]} 19. dxe5 {[%clk 0:01:51]} Nxe5
{[%clk 0:02:15]} 20. Nxe5 {[%clk 0:01:51]} Bxe5 {[%clk 0:02:16]} 21. Bxe5
{[%clk 0:01:52]} Rxe5 {[%clk 0:02:17]} 22. f4 {[%clk 0:01:50]} Re7
{[%clk 0:02:17]} 23. Bd3 {[%clk 0:01:43]} Qf6 {[%clk 0:02:17]} 24. Qxf6 Rxf6
{[%clk 0:01:47]} 25. Kd2 {[%clk 0:01:43]} h6 {[%clk 0:01:35]} 26. g5
{[%clk 0:01:42]} hxg5 {[%clk 0:01:36]} 27. Rxg5 {[%clk 0:01:44]} Rh6
{[%clk 0:01:37]} 28. Rg3 {[%clk 0:01:21]} Rh2+ {[%clk 0:01:28]} 29. Kc3
{[%clk 0:01:22]} a5 {[%clk 0:01:27]} 30. Rdg1 {[%clk 0:01:22]} Rh3
{[%clk 0:01:17]} 31. Rxh3 {[%clk 0:01:22]} Bxh3 {[%clk 0:01:18]} 32. e4
{[%clk 0:01:21]} Bd7 {[%clk 0:01:15]} 33. b4 {[%clk 0:01:18]} axb4+ 34. axb4 b6
{[%clk 0:01:09]} 35. Kd4 {[%clk 0:01:07]} Kf7 {[%clk 0:01:08]} 36. c5
{[%clk 0:01:04]} dxc5+ {[%clk 0:00:37]} 37. bxc5 {[%clk 0:01:06]} Bc6
{[%clk 0:00:22]} 38. cxb6 {[%clk 0:01:01]} cxb6 {[%clk 0:00:23]} 39. e5
{[%clk 0:00:54]} Rd7+ {[%clk 0:00:24]} 40. Ke3 {[%clk 0:00:56]} b5
{[%clk 0:00:19]} 41. Bg6+ {[%clk 0:00:52]} Kf8 {[%clk 0:00:20]} 42. Rc1
{[%clk 0:00:46]} Bb7 {[%clk 0:00:16]} 43. Rc5 {[%clk 0:00:46]} b4
{[%clk 0:00:05]} 44. Rb5 {[%clk 0:00:47]} Ke7 {[%clk 0:00:05]} 45. Rxb4
{[%clk 0:00:47]} Rc7 {[%clk 0:00:06]} 46. f5 {[%clk 0:00:39]} Bc8
{[%clk 0:00:06]} 47. Ra4 {[%clk 0:00:33]} Bd7 {[%clk 0:00:06]} 48. Rh4
{[%clk 0:00:30]} Ra7 {[%clk 0:00:05]} 49. Rh7 {[%clk 0:00:31]} Ra3+
{[%clk 0:00:04]} 50. Kf4 {[%clk 0:00:31]} Kf8 {[%clk 0:00:04]} 51. Rh8+
{[%clk 0:00:21]} Ke7 {[%clk 0:00:06]} 52. Rg8 {[%clk 0:00:22]} Ra4+
{[%clk 0:00:04]} 53. Kg5 {[%clk 0:00:23]} Ra5 {[%clk 0:00:04]} 54. Rxg7+
{[%clk 0:00:23]} Kd8 {[%clk 0:00:04]} 55. Kf6 {[%clk 0:00:23]} Ba4
{[%clk 0:00:03]} 56. e6 {[%clk 0:00:23]} Ra6 {[%clk 0:00:04]} 57. Kg5
{[%clk 0:00:19]} Rb6 {[%clk 0:00:03]} 58. e7+ Kc8 {[%clk 0:00:02]} 59. e8=Q+
{[%clk 0:00:17]} 1-0